Pandémia nafúkla objemy
Pandémia a vývoj na trhu v oblasti nealkoholických nápojov a zmrzliny. Nárast dopytu po veľkých baleniach daného sortimentu. Výrobcovia kladú dôraz na zdravie aj ekológiu.
Enregistré dans:
| Auteur principal: | |
|---|---|
| Format: | Chapitre de livre |
| Langue: | slovaque |
| Sujets: | |
| Tags: |
Pas de tags, Soyez le premier à ajouter un tag!
|
MARC
| LEADER | 00000naa a2200000 4500 | ||
|---|---|---|---|
| 001 | 0276613 | ||
| 005 | 20210625114715.6 | ||
| 041 | 0 | |a slo | |
| 044 | |a CZ | ||
| 245 | 1 | 0 | |a Pandémia nafúkla objemy |c Peter Kapitán |
| 520 | |a Pandémia a vývoj na trhu v oblasti nealkoholických nápojov a zmrzliny. Nárast dopytu po veľkých baleniach daného sortimentu. Výrobcovia kladú dôraz na zdravie aj ekológiu. | ||
| 610 | 2 | 0 | |a pandémia |
| 610 | 2 | 0 | |a nápoje nealkoholické |
| 610 | 2 | 0 | |a potraviny mrazené |
| 610 | 2 | 0 | |a dopyt spotrebiteľský |
| 610 | 2 | 0 | |a značky privátne |
| 610 | 2 | 0 | |a štýl životný |
| 100 | 1 | |a Kapitán, Peter | |